00668nam a2200169 a 450000100100000000500170001000800410002704000250006808200110009310000360010424501160014026000690025630000210032559000260034695201090037299900170048100004901920250217092805.0190718s1992 dr 000 0 spa d aDO-SdBNPbspacBNPHU axxbxx1 aJuanes, Benignod1916-2009944210aIntroducción a los carismas :bguía para la renovación carismática católica 8 /cBenigno Juanes S. J. aSanto Domingo, República Dominicana :bAmigo del Hogar,c1992. a199 p. ;c23 cm. aInventariado, 2019/VM 0010718PDaPDbPDcHDd2019-07-15iLF1l0oxx xxp49020-10r2020-06-25w2020-06-25yLFPDZNo se presta c48507d48507